000 00566nam a2200193Ia 4500
008 220204s9999 xx 000 0 und d
082 _a577.1
_bHIL.1
100 _aHILL, H A O
245 0 _aInorganic biochemistry: A review of the recent literature published upto date 1977. V 1
260 _aLondon
_bChemical society
_c1979
490 _aA specialist periodical report
650 _aBiological molecule
650 _aHaemoprotein
650 _aMetal ion
650 _aMetalloenzyme
650 _aNon-transition element
650 _aProtein
942 _cBK
999 _c34637
_d34637